[Event "Manila ol (Men)"]
[Site "Manila"]
[Date "1992.??.??"]
[Round "?"]
[White "Zilberman, Yaacov"]
[Black "Costa, Jean Luc"]
[Result "1/2-1/2"]
[WhiteElo "2485"]
[BlackElo "2425"]

1.d4 d5 2.c4 c6 3.Nf3 Nf6 4.Nc3 dxc4 5.a4 Bf5 6.Ne5 Nbd7 7.Nxc4 Qc7 8.g3 e5
9.Bg2 Rd8 10.Bg5 Be6 11.dxe5 Nxe5 12.Nd2 Be7 13.Qc2 Qa5 14.O-O h6 15.Bxf6 Bxf6
16.b4 Qxb4 17.Rab1 Qe7 18.Nce4 Bc8 19.Rfc1 O-O 20.a5 Rfe8 21.Nb3 g6 22.Nbc5 Bg7
23.Qb3 b6 24.axb6 axb6 25.Qxb6 Bg4 26.Rc2 Bf5 27.Rbc1 h5 28.Qb3 Nd7 29.Rc4 Nxc5
30.Nxc5 Qxe2 31.Bxc6 Rd2 32.Rf1 Rb2 33.Qa3 Ra2 34.Qc1 Ra1 35.Bxe8 Rxc1 36.Bxf7+ Kxf7
37.Rcxc1 Bd4 38.Nb3 Bf6 39.Rfe1 Qb5 40.Nc5 Qb8 41.Rcd1 Qa7 42.Ne4 Bxe4 43.Rxe4 Qb7
44.Re3 g5 45.h3 Qc8 46.Kg2 Qc6+ 47.Kg1 Kg6 48.Rdd3 Qc1+ 49.Kg2 Qc6+ 50.Kg1 Qc5
51.Kg2 Bd4 52.Rxd4 Qxd4 53.Kg1 Qd1+ 54.Kg2 Qd5+ 55.Kg1 Kf5 56.Kh2 Qd1 57.Kg2 Qc1
58.Re7 Kf6 59.Re2 Kg6 60.Re6+ Kf5 61.Re7 Qc4 62.g4+ Kf6 63.Re3 h4 64.Kg1 Qc1+
65.Kg2 Qd1 66.Re8 Qd2 67.Re3 Qd5+ 68.Kg1 Kf7 69.Re1 Qd2 70.Re3 Qd1+  1/2-1/2

[Event "Manila ol (Men)"]
[Site "Manila"]
[Date "1992.??.??"]
[Round "?"]
[White "Lin Weiguo"]
[Black "Pergericht, Daniel"]
[Result "1/2-1/2"]
[WhiteElo "2495"]
[BlackElo "2295"]

1.d4 d5 2.c4 c6 3.Nf3 Nf6 4.Nc3 dxc4 5.a4 Bf5 6.Ne5 e6 7.g3 Bb4 8.Bg2 Be4
9.f3 Bg6 10.O-O O-O 11.e4 c5 12.Na2 Ba5 13.dxc5 Qc7 14.Qd6 Qxd6 15.cxd6 Bb6+
16.Kh1 Rc8 17.Rd1 Nbd7 18.Nxd7 Nxd7 19.Nc3 Ne5 20.a5 Bc5 21.Na4 Bb4  1/2-1/2

[Event "Manila ol (Men)"]
[Site "Manila"]
[Date "1992.??.??"]
[Round "?"]
[White "Annakov, Babakuli"]
[Black "Rubinetti, Jorge A"]
[Result "0-1"]
[WhiteElo "2365"]
[BlackElo "2450"]

1.d4 d5 2.c4 c6 3.Nf3 Nf6 4.Nc3 dxc4 5.a4 Bf5 6.e3 e6 7.Bxc4 Bb4 8.O-O Nbd7
9.Nh4 O-O 10.Nxf5 exf5 11.Qc2 g6 12.Bd2 Nb6 13.Bb3 a5 14.Rad1 Qc7 15.Ne2 Bxd2
16.Rxd2 Nbd5 17.Bxd5 Nxd5 18.Nc3 Rad8 19.Nxd5 Rxd5 20.Rc1 Qb6 21.Qc3 Re8
22.g3 h5 23.Rdc2 h4 24.Qd3 Kg7 25.Kg2 Rh8 26.Qa3 Qd8 27.Rc5 Rh5 28.Rxd5 Qxd5+
29.f3 Qd8 30.Rh1 Qg5 31.Qd3 hxg3 32.f4 Qd8 33.d5 Rxh2+ 34.Rxh2 gxh2 35.d6 Kf6
36.Kxh2 Ke6 37.Qc4+ Kxd6 38.Qxf7 Kc5 39.Qb3 Qd2+ 40.Kh3 b5 41.axb5 cxb5 42.Qa3+ Kc4
43.Kh4 b4 44.Qxa5 Qg2 45.Qa6+ Kb3 46.Qd3+ Ka2 47.Qd1 b3 48.e4 fxe4 49.Qd4 Qh2+  0-1

[Event "Manila ol (Men)"]
[Site "Manila"]
[Date "1992.??.??"]
[Round "?"]
[White "Annakov, Babakuli"]
[Black "Pergericht, Daniel"]
[Result "1-0"]
[WhiteElo "2365"]
[BlackElo "2295"]

1.d4 d5 2.c4 c6 3.Nf3 Nf6 4.Nc3 dxc4 5.a4 Bf5 6.Ne5 e6 7.f3 Bb4 8.e4 Bxe4
9.fxe4 Nxe4 10.Bd2 Qxd4 11.Nxe4 Qxe4+ 12.Qe2 Bxd2+ 13.Kxd2 Qd5+ 14.Kc2 Na6
15.Nxc4 O-O-O 16.Qe5 f6 17.Qxd5 cxd5 18.Na5 Nc7 19.Rd1 e5 20.g3 Rd6 21.Bh3+ Kb8
22.Rhe1 Rhd8 23.Nb3 Na6 24.Kb1 b6 25.Rc1 Nb4 26.Bf1 a5 27.Bb5 Kb7 28.Red1 Re6
29.Rc3 Re7 30.g4 Rc7 31.Rdc1 Rxc3 32.bxc3 Nc6 33.Kc2 Ne7 34.Rd1 Kc7 35.Kd2 Nc8
36.Ke3 Ne7 37.Rf1 Kd6 38.Bd3 Rc8 39.Kd2 Ng6 40.Rb1 Nf4 41.Bf1 h5 42.Nc1 Kc6
43.gxh5 Kb7 44.Nd3 Nxd3 45.Rb5 Rd8 46.Bg2  1-0

[Event "Manila ol (Men)"]
[Site "Manila"]
[Date "1992.??.??"]
[Round "?"]
[White "Sosonko, Gennadi"]
[Black "Petursson, Margeir"]
[Result "0-1"]
[WhiteElo "2530"]
[BlackElo "2555"]

1.d4 d5 2.Nf3 Nf6 3.c4 c6 4.Nc3 dxc4 5.a4 Bf5 6.Ne5 e6 7.Bg5 Bb4 8.f3 c5
9.dxc5 Qxd1+ 10.Kxd1 Nbd7 11.Nxd7 O-O-O 12.e4 Rxd7+ 13.Kc2 Bg6 14.c6 bxc6
15.Bxc4 Rhd8 16.Ba6+ Kc7 17.a5 Be7 18.Be3 Kb8 19.Kb3 Ne8 20.Rhc1 f5 21.exf5 exf5
22.Rd1 Bf7+ 23.Ka4 Nc7 24.Be2 f4 25.Bf2 Rd2 26.a6 Nb5 27.Rab1 Nxc3+ 28.bxc3+ Kc8  0-1

[Event "Manila ol (Men)"]
[Site "Manila"]
[Date "1992.??.??"]
[Round "?"]
[White "Soppe, Guillermo"]
[Black "Meduna, Eduard"]
[Result "0-1"]
[WhiteElo "2440"]
[BlackElo "2500"]

1.d4 d5 2.Nf3 c6 3.c4 Nf6 4.Nc3 dxc4 5.a4 Bf5 6.Nh4 e6 7.Nxf5 exf5 8.e3 Bd6
9.Bxc4 O-O 10.Qf3 g6 11.h3 h5 12.O-O Qe7 13.a5 Nbd7 14.Bd3 a6 15.e4 fxe4
16.Bxe4 Nxe4 17.Nxe4 Rfe8 18.Nxd6 Qxd6 19.Ra3 Nf8 20.Rb3 Re7 21.Bg5 Rd7 22.Bf6 Ne6
23.Rd1 Qf4 24.g4 Qxf3 25.Rxf3 Rd5 26.gxh5 Rxh5 27.Rb3 Rf5 28.Bh4 Rxa5 29.Rxb7 Rd5
30.Rc1 Nxd4 31.Kg2 Ne6 32.Bg3 c5 33.Rc4 Rd4 34.Rc2 a5 35.b3 Rb4 36.Rxb4 axb4
37.Bd6 Rd8 38.Be7 Rd7 39.Bf6 Rd3 40.Ra2 g5  0-1

[Event "Mar del Plata op"]
[Site "Mar del Plata"]
[Date "1992.??.??"]
[Round "3"]
[White "Llanos, Guillermo"]
[Black "Fraschini, Mariano"]
[Result "0-1"]
[WhiteElo "2355"]
[BlackElo "2330"]

1.d4 d5 2.c4 c6 3.Nf3 Nf6 4.Nc3 dxc4 5.a4 Bf5 6.e3 e6 7.Bxc4 Bb4 8.O-O Nbd7
9.Qe2 Bg6 10.e4 Bxc3 11.bxc3 Nxe4 12.Ba3 Qc7 13.Rfc1 O-O-O 14.a5 Rhe8 15.Qb2 Nd6
16.Be2 f6 17.Bc5 Nxc5 18.dxc5 Ne4 19.a6 b6 20.cxb6 Qxb6 21.Qxb6 axb6 22.Nd4 Kc7
23.a7 Ra8 24.Bc4 Nc5 25.f4 Bd3 26.Nxe6+ Nxe6 27.Bxd3 Nxf4 28.Bf1 Kb7 29.Rd1 Re7
30.Ba6+ Kc7 31.Bf1 Kb7 32.Ba6+ Kc7 33.Bf1 Ne2+ 34.Bxe2 Rxe2 35.Ra3 b5 36.Kf1 Re7
37.Rda1 Kd6 38.Kf2 Kd5 39.Ra6 c5 40.c4+ Kxc4 41.Rc1+ Kb3 42.Rb1+ Kc3 43.Rc1+ Kb2
44.Raa1 b4 45.Rab1+ Ka3 46.Ra1+ Kb3 47.Rab1+ Ka4 48.Rxc5 Raxa7 49.Ra1+ Kb3
50.Rb1+ Ka3 51.Rb5 Ra4 52.Rb8 Re4 53.Rb7 Ka2 54.Rd1 b3 55.Rd2+ Ka3 56.Rd3 Reb4
57.Rxg7 Ka2 58.Rxh7 b2 59.Rd2 Ka1 60.Rd1+ b1=Q 61.Rxb1+ Kxb1 62.Rf7 Ra2+
63.Kg1 Rg4  0-1

[Event "Munich op9192"]
[Site "Munich"]
[Date "1992.??.??"]
[Round "1"]
[White "Alterman, Boris"]
[Black "Weinzettl, Ernst"]
[Result "1-0"]
[WhiteElo "2495"]
[BlackElo "2285"]

1.d4 d5 2.c4 c6 3.Nf3 Nf6 4.Nc3 dxc4 5.a4 Bf5 6.e3 e6 7.Bxc4 Bb4 8.O-O a5
9.Qe2 Ne4 10.Nxe4 Bxe4 11.Nd2 Bg6 12.Nb3 Nd7 13.e4 e5 14.d5 O-O 15.Rd1 Qe7
16.dxc6 bxc6 17.f3 Kh8 18.Be3 f6 19.Rac1 Rfd8 20.Qf2 Rab8 21.h3 h6 22.Kh2 Be8
23.Rd3 c5 24.Bb5 Nb6 25.Bxc5 Bxc5 26.Qxc5 Qxc5 27.Nxc5 Rxd3 28.Nxd3 Nxa4
29.Bxe8 Rxe8 30.Ra1 Nb6 31.Rxa5 Rd8 32.Ra3 Nc4 33.Rc3 Ne3 34.Ne1 Nf1+ 35.Kg1 Ng3
36.Kf2 Nh1+ 37.Kg1 Ng3 38.Rd3 Rb8 39.Rd2 h5 40.h4 f5 41.Kf2 Nh1+ 42.Kg1 Ng3
43.exf5 Nxf5 44.Re2 Nxh4 45.Rxe5 g6 46.Re4 Nf5 47.b4 h4 48.Nc2 Kh7 49.Kh2 g5
50.Kh3 Kg6 51.Re6+ Kh5 52.Re5 Kg6 53.b5 Rc8 54.Ne3 Nh6 55.Re6+ Kg7 56.Rc6 Re8
57.Rc3 Rb8 58.Rc7+ Kg6 59.Rc6+ Kg7 60.b6 Re8 61.b7 Rb8 62.Rb6  1-0

[Event "Munich op9192"]
[Site "Munich"]
[Date "1992.??.??"]
[Round "3"]
[White "Van der Sterren, Paul"]
[Black "Gruenberg, Hans Ulrich"]
[Result "1-0"]
[WhiteElo "2485"]
[BlackElo "2530"]

1.d4 d5 2.c4 c6 3.Nf3 Nf6 4.Nc3 dxc4 5.a4 Bf5 6.e3 e6 7.Bxc4 Bb4 8.O-O Nbd7
9.Nh4 Bg6 10.f3 Bh5 11.g4 Nd5 12.Qe1 Be7 13.Ng2 Bg6 14.e4 Nb4 15.Qd1 e5 16.Be3 O-O
17.dxe5 Nxe5 18.Bb3 Qxd1 19.Raxd1 Rfd8 20.Rxd8+ Bxd8 21.h3 Ned3 22.f4 h6
23.Rd1 Kf8 24.Rd2 Bb6 25.Bxb6 axb6 26.Bc4 Nc5 27.f5 Bh7 28.Kf2 Re8 29.Kf3 g5
30.Rd6 Kg7 31.Ne3 f6 32.Rd4 Re7 33.Bf1 Nba6 34.Bxa6 bxa6 35.Nc4 Nd7 36.e5 fxe5
37.Rd6 Bg8 38.Nxb6 Nf6 39.Rxc6 h5 40.Ne4  1-0

[Event "Munich"]
[Site "Munich"]
[Date "1992.??.??"]
[Round "4"]
[White "Gelfand, Boris"]
[Black "Huebner, Robert"]
[Result "1/2-1/2"]
[WhiteElo "2665"]
[BlackElo "2615"]

1.d4 d5 2.Nf3 Nf6 3.c4 c6 4.Nc3 dxc4 5.a4 Bf5 6.Ne5 e6 7.f3 Bb4 8.e4 Bxe4
9.fxe4 Nxe4 10.Bd2 Qxd4 11.Nxe4 Qxe4+ 12.Qe2 Bxd2+ 13.Kxd2 Qd5+ 14.Kc3 O-O
15.Qe3 b5 16.axb5 cxb5 17.Be2 Nd7 18.Nxd7 Qxd7 19.Bf3 Rac8 20.Rxa7 b4+ 21.Kc2 Qb5
22.Rd1 b3+ 23.Kb1 g6 24.g4 Qb8 25.Ra4 Qxh2 26.Rc1 c3 27.bxc3 Rfd8 28.Qe2 Qh6
29.Qe5 Qd2 30.Qe2 Qg5 31.Rd1 Rxc3 32.Rxd8+ Qxd8 33.Ra8 Rc8 34.Rxc8 Qxc8 35.Kb2 Qb8
36.Qe3 Kg7 37.Qc3+ Kg8 38.Qxb3 Qxb3+ 39.Kxb3 Kg7 40.g5 h6 41.gxh6+ Kxh6 42.Kc3 Kg5
43.Bc6 e5 44.Kd3 f5 45.Ke3 Kf6 46.Be8 e4 47.Kd4 g5 48.Bb5 g4 49.Bf1 Kg5 50.Ke3 Kh4
51.Kf4 e3 52.Kxe3 Kg3 53.Bb5 f4+ 54.Ke2 Kg2 55.Bc6+ f3+ 56.Ke3 Kg3 57.Bd5 f2
58.Ke2  1/2-1/2

[Event "CZE-ch U20"]
[Site "Neratovice"]
[Date "1992.??.??"]
[Round "?"]
[White "Pinc, Miroslav"]
[Black "Prihoda, D."]
[Result "1/2-1/2"]
[WhiteElo "2085"]
[BlackElo "1925"]

1.d4 d5 2.Nf3 Nf6 3.c4 c6 4.Nc3 dxc4 5.a4 Bf5 6.e3 e6 7.Bxc4 Bb4 8.O-O O-O
9.Bd2 Nbd7 10.Ne2 Bd6 11.Ng3 Bg6 12.Qb3 Qc7 13.Rac1 Nb6 14.Be2 Nbd5 15.Bd3 Qb6
16.Qxb6 Nxb6 17.Bxg6 hxg6 18.a5 Nbd7 19.a6 Rab8 20.axb7 c5 21.dxc5 Nxc5 22.Nd4 Rxb7
23.Rc2 Nb3 24.Nxb3 Rxb3 25.Ra1 Rfb8 26.Bc3 R8b7 27.Ne2 Nd5 28.Nd4 R3b6 29.g3 Nxc3
30.bxc3 Rb1+ 31.Rxb1 Rxb1+ 32.Kg2 e5 33.Nc6 Ra1 34.Rd2 Ba3 35.Nxe5 Kf8 36.Rd7 Be7
37.Nc6 Bf6 38.Rxa7 Rxa7 39.Nxa7 Bxc3 40.Nc6 f5 41.Kf3 Kf7 42.Ke2 Ke6 43.Kd3 Bf6
44.e4 Ba1 45.Nd4+ Kf6 46.f4 fxe4+ 47.Kxe4 g5 48.Nc2 Bb2 49.f5 g6 50.g4 gxf5+
51.gxf5 g4 52.Ne3 Kg5 53.Nd5 Kh4 54.Nf4 g3 55.Ng6+ Kh3 56.hxg3 Kxg3 57.Ne5 Kh4
58.Kd5 Kg5 59.Ke6 Kh6 60.f6 Kh7 61.f7 Kg7 62.Ke7 Ba3+ 63.Ke8 Kf6 64.Nc4 Bb4  1/2-1/2

[Event "Nordic zt"]
[Site "?"]
[Date "1992.??.??"]
[Round "5"]
[White "Cramling, Pia"]
[Black "Petursson, Margeir"]
[Result "1/2-1/2"]
[WhiteElo "2530"]
[BlackElo "2565"]

1.d4 d5 2.Nf3 Nf6 3.c4 c6 4.Nc3 dxc4 5.a4 Bf5 6.Ne5 e6 7.f3 Bb4 8.e4 Bxe4
9.fxe4 Nxe4 10.Qf3 Qxd4 11.Qxf7+ Kd8 12.Bg5+ Nxg5 13.Qxg7 Bxc3+ 14.bxc3 Qxc3+
15.Ke2 Qc2+ 16.Ke3 Qc3+ 17.Ke2 Qc2+  1/2-1/2

[Event "Nordic zt"]
[Site "?"]
[Date "1992.??.??"]
[Round "7"]
[White "Cramling, Pia"]
[Black "Gausel, Einar"]
[Result "1/2-1/2"]
[WhiteElo "2530"]
[BlackElo "2485"]

1.d4 d5 2.c4 dxc4 3.Nf3 Nf6 4.Nc3 c6 5.a4 Bf5 6.Nh4 Bc8 7.e3 e5 8.Bxc4 exd4
9.exd4 Bd6 10.O-O O-O 11.Nf3 Bg4 12.h3 Bh5 13.Bg5 Nbd7 14.Ne4 Be7 15.Ng3 Bg6
16.Ne5 Nxe5 17.dxe5 Nd7 18.Bxe7 Qxe7 19.Re1 Nc5 20.Qg4 Rac8 21.h4 Ne6 22.Rad1 Bc2
23.Nf5 Bxf5 24.Qxf5 b5 25.axb5 cxb5 26.Bxb5 Qxh4 27.Bd3 g6 28.Qe4 Qxe4 29.Bxe4 Rb8
30.Rd2 Rfd8 31.Rxd8+ Rxd8 32.Ra1 Rb8 33.Rxa7 Rxb2 34.Bd5 Rb6 35.g3  1/2-1/2

[Event "Novi Sad"]
[Site "Novi Sad"]
[Date "1992.??.??"]
[Round "11"]
[White "Kozul, Zdenko"]
[Black "Kirov, Nino"]
[Result "1-0"]
[WhiteElo "2545"]
[BlackElo "2470"]

1.d4 d5 2.c4 c6 3.Nf3 Nf6 4.Nc3 dxc4 5.a4 Bf5 6.Ne5 Nbd7 7.Nxc4 Nb6 8.Ne5 a5
9.f3 Nfd7 10.Nxd7 Nxd7 11.e4 Bg6 12.d5 e5 13.dxe6 fxe6 14.Qb3 Nc5 15.Qc2 e5
16.Be3 Bf7 17.Rd1 Qb6 18.Nb5 Rc8 19.Rd6 Bb3 20.Qc3  1-0

[Event "Oberwart op"]
[Site "Oberwart"]
[Date "1992.??.??"]
[Round "6"]
[White "Wohlfahrt, Herbert J"]
[Black "Haba, Petr"]
[Result "0-1"]
[WhiteElo "2260"]
[BlackElo "2505"]

1.d4 d5 2.c4 c6 3.Nf3 Nf6 4.Nc3 dxc4 5.a4 Bf5 6.e3 e6 7.Bxc4 Bb4 8.O-O O-O
9.Qe2 Nbd7 10.Ne5 h6 11.Rd1 Bh7 12.Na2 Bd6 13.h3 Qe7 14.Nxd7 Nxd7 15.e4 Qh4
16.Nc3 Bg6 17.Qg4 Qxg4 18.hxg4 Bb4 19.f3 a5 20.Be3 Rfd8 21.Ne2 e5 22.dxe5 Nxe5
23.Bb3 Nd3 24.Nf4 Bc5 25.Bxc5 Nxc5 26.Bc4 Kf8 27.b3 Bh7 28.Kf2 g5 29.Nd3 Nxd3+
30.Rxd3 Rxd3 31.Bxd3 f6 32.Rd1 Rd8 33.Ke3 Bg8 34.Bc2 Rxd1 35.Bxd1 Ke7 36.g3 Kd6
37.Kd4 Be6 38.Bc2 b5 39.Bd1 Bd7 40.Bc2 Bc8 41.Bd3 Bd7 42.Bc2 c5+ 43.Kc3 c4
44.bxc4 bxa4 45.Kd4 a3 46.c5+ Kc7 47.Bb3 Ba4 48.Bd5 Bd1 49.f4 gxf4 50.gxf4 Bxg4
51.Kc3 Bf3 52.Kb3 h5 53.Kxa3 h4 54.Be6 Bxe4 55.Bh3 Kc6 56.Ka4 Kxc5 57.Kxa5 f5  0-1

[Event "Oberwart op"]
[Site "Oberwart"]
[Date "1992.??.??"]
[Round "7"]
[White "Somogyi, Istvan"]
[Black "Tomcsanyi, Peter"]
[Result "1/2-1/2"]
[WhiteElo "2300"]
[BlackElo "2235"]

1.d4 d5 2.Nf3 Nf6 3.c4 c6 4.Nc3 dxc4 5.a4 Bf5 6.e3 e6 7.Bxc4 Bb4 8.O-O O-O
9.Qe2 Bg4 10.h3 Bxf3 11.Qxf3 Nbd7 12.Rd1 Qc7 13.Bd2 e5 14.Ne4 Bxd2 15.Rxd2 Nxe4
16.Qxe4 Rae8 17.dxe5 Nxe5 18.Qf4 Qe7 19.Rad1 Nxc4 20.Qxc4 Rd8  1/2-1/2

[Event "Odorheiu Secuiesc"]
[Site "Odorheiu Secuiesc"]
[Date "1992.??.??"]
[Round "?"]
[White "Pogorelov, Ruslan"]
[Black "Schwartzman, Gabriel"]
[Result "1/2-1/2"]
[WhiteElo "2385"]
[BlackElo "2340"]

1.Nf3 d5 2.d4 Nf6 3.c4 c6 4.Nc3 dxc4 5.a4 Bf5 6.e3 e6 7.Bxc4 Bb4 8.O-O Nbd7
9.Qb3 a5 10.Nh4 Bg4 11.f3 Bh5 12.g3 O-O 13.Ng2 e5 14.dxe5 Nxe5 15.Be2 h6
16.h3 Qe7 17.g4 Bg6 18.e4 Ned7 19.Be3 Bc5 20.Nd1 Bxe3+ 21.Ndxe3 Qb4 22.Qxb4 axb4
23.b3 Nc5 24.Rab1 Rfd8 25.Rfc1 Ne6 26.Rb2 Nd7 27.Nc2 c5 28.Kf2 Nb6 29.Nce3 Kf8
30.Nc4 Nxc4 31.Bxc4 b6 32.Bxe6 fxe6 33.Ne3 Be8 34.Nc4 Rab8 35.Ne5 Rbc8 36.Ra2 Rc7
37.Ke3 Ke7 38.a5 Ra7 39.Nc4 bxa5 40.Rxa5 Rxa5 41.Nxa5 Rc8 42.Nb7 e5 43.Rxc5 Rxc5
44.Nxc5 Bf7 45.Nd3 Kd6 46.Nxb4 Bxb3 47.h4 Bf7 48.Nd3 Be6 49.Nf2 Bc4 50.Nh1 Ke6
51.Ng3 Kf6 52.Nf5 Be6 53.h5 g6 54.Nxh6 Kg5 55.hxg6 Kxh6 56.f4 exf4+ 57.Kxf4 Kxg6  1/2-1/2

[Event "Odorheiu Secuiesc"]
[Site "Odorheiu Secuiesc"]
[Date "1992.??.??"]
[Round "?"]
[White "Rogozenko, Dorin"]
[Black "Bach, Adrian"]
[Result "0-1"]
[WhiteElo "2305"]
[BlackElo "2315"]

1.d4 d5 2.c4 c6 3.Nf3 Nf6 4.Nc3 dxc4 5.a4 Bf5 6.Ne5 e6 7.f3 Bb4 8.Nxc4 c5
9.e4 cxd4 10.Qb3 Qe7 11.exf5 dxc3 12.bxc3 exf5+ 13.Kd1 Bc5 14.Bd3 O-O 15.Re1 Qc7
16.g3 Nc6 17.Bf4 Qd7 18.Kc2 Nd5 19.Ne5 Nxe5 20.Rxe5 Nxf4 21.gxf4 Rad8 22.Qb5 b6
23.Qxd7 Rxd7 24.Bxf5 Rd6 25.Rd1 Rf6 26.Be4 Bd6 27.Rf5 Rxf5 28.Bxf5 Bxf4 29.h3 g6
30.Be4 Rc8 31.Kb3 Rc7 32.c4 a5 33.Rd8+ Kg7 34.Rb8 Be3 35.Kc3 f5 36.Bd5 Bc5
37.Kd3 Kh6 38.f4 Re7 39.Rb7 Rxb7 40.Bxb7 Kh5 41.Ke2 Kh4 42.Kf3 Kxh3 43.Bd5 h6
44.Be6 Kh4 45.Bd7 Bd6 46.Be6 h5 47.Bf7 g5 48.fxg5 Kxg5 49.Bd5 h4 50.Bb7 h3
51.Ke2 Kf4 52.Kd3 Bc5 53.Bc6 Bg1 54.Ke2 h2 55.Kd3 Ke5 56.Ke2 Kd4  0-1

[Event "Oviedo rapid45"]
[Site "Oviedo"]
[Date "1992.??.??"]
[Round "5"]
[White "Komljenovic, Davor"]
[Black "Iruzubieta, Jesus Maria"]
[Result "1/2-1/2"]
[WhiteElo "2495"]
[BlackElo "2280"]

1.d4 d5 2.c4 c6 3.Nf3 Nf6 4.Nc3 dxc4 5.a4 Bf5 6.e3 e6 7.Bxc4 Bb4 8.O-O Nbd7
9.Nh4 Bg6 10.Qb3 Qb6 11.Rd1 O-O-O 12.Bd2 Bh5 13.Nf3 Qa5 14.Be2 Rhe8 15.Be1 Kb8
16.Nd2 Bxc3 17.Bxh5 Bxd2 18.Bxf7 Bxe1 19.Rxe1 Re7 20.Bxe6 Nb6 21.Bh3 Rxd4
22.Qa3 Qb4 23.a5 Nbd5 24.a6 Qxa3 25.bxa3 Rc4 26.axb7 Rxb7 27.g3 Rb2 28.Rab1 Rxb1
29.Rxb1+ Kc7 30.Bg2 Nc3 31.Ra1 Ne2+ 32.Kf1 Rc1+ 33.Rxc1 Nxc1 34.h3 Nd3 35.Ke2 Nb2
36.f4 Nc4 37.e4 Nxa3 38.e5 Nd5  1/2-1/2

[Event "Oviedo rapid45"]
[Site "Oviedo"]
[Date "1992.??.??"]
[Round "6"]
[White "Sakaev, Konstantin"]
[Black "Janovsky, Sergey"]
[Result "1-0"]
[WhiteElo "2500"]
[BlackElo "2430"]

1.d4 d5 2.c4 c6 3.Nf3 Nf6 4.Nc3 dxc4 5.a4 Bf5 6.Ne5 Na6 7.e3 e6 8.Bxc4 Nb4
9.O-O a5 10.Qe2 Be7 11.e4 Bg6 12.Rd1 O-O 13.Bg5 Nd7 14.Bxe7 Qxe7 15.Nxg6 hxg6
16.e5 c5 17.dxc5 Nxc5 18.Rd6 Qg5 19.Bb5 Rac8 20.g3 Qf5 21.Rad1 g5 22.Kg2 f6
23.exf6 Rxf6 24.Rd8+ Rxd8 25.Rxd8+ Kh7 26.h3 Nc2 27.Rd2 Nb4 28.Qh5+ Rh6 29.Qg4 Qxg4
30.hxg4 Rf6 31.Re2 b6 32.Ne4 Nxe4 33.Rxe4 Kg8 34.Re5 Nc2 35.Rxg5 Ne1+ 36.Kf1 Nf3
37.Rh5 g6 38.Rh1 e5 39.Kg2 Kg7 40.Bd3 Ng5 41.Re1 Rd6 42.Rxe5 Rxd3 43.Rxg5 Rd4
44.b3 Rd6 45.Rb5 Kf6 46.f4 Rc6 47.Kh3 Kg7 48.Kh4 Kf7 49.Kg5 Rd6 50.f5  1-0

[Event "Palma de Mallorca op"]
[Site "Palma de Mallorca"]
[Date "1992.??.??"]
[Round "6"]
[White "Bellon Lopez, Juan Manuel"]
[Black "Tukmakov, Vladimir B"]
[Result "0-1"]
[WhiteElo "2435"]
[BlackElo "2535"]

1.Nf3 d5 2.d4 Nf6 3.c4 c6 4.Nc3 dxc4 5.a4 Bf5 6.Ne5 e6 7.g3 Bb4 8.Bg2 Nbd7
9.Nxc4 Be4 10.f3 Bd5 11.Ne3 c5 12.Nxd5 exd5 13.O-O cxd4 14.Nb5 O-O 15.Nxd4 Re8
16.Kh1 Qb6 17.Nc2 Rac8 18.Nxb4 Qxb4 19.Bh3 Rc6 20.b3 Nc5 21.Bg5 Qxb3 22.Qxb3 Nxb3
23.Rab1 Nc5 24.Rfc1 b6 25.a5 Rxe2 26.axb6 axb6 27.Bxf6 gxf6 28.Rb4 Rd6 29.Rd4 Re8
30.Bf5 Re5 31.f4 Rxf5  0-1

[Event "Pardubice op"]
[Site "Pardubice"]
[Date "1992.??.??"]
[Round "4"]
[White "Majzlan, Igor"]
[Black "Kuporosov, Viktor"]
[Result "0-1"]
[WhiteElo "2320"]
[BlackElo "2510"]

1.d4 d5 2.Nf3 Nf6 3.c4 c6 4.Nc3 dxc4 5.a4 Bf5 6.e3 e6 7.Bxc4 Bb4 8.O-O O-O
9.Nh4 Nbd7 10.Qb3 Qb6 11.f3 Bg6 12.Nxg6 hxg6 13.Rd1 e5 14.d5 Nc5 15.Qc2 Bxc3
16.Qxc3 cxd5 17.Bxd5 Rfd8 18.a5 Qb5 19.b4 Nxd5 20.Qxc5 Qe2  0-1

[Event "Pardubice op"]
[Site "Pardubice"]
[Date "1992.??.??"]
[Round "5"]
[White "Gleizerov, Evgeny"]
[Black "Sergeev, Vladimir"]
[Result "1-0"]
[WhiteElo "2540"]
[BlackElo "2425"]

1.d4 d5 2.c4 c6 3.Nf3 Nf6 4.Nc3 dxc4 5.a4 Bf5 6.e3 e6 7.Bxc4 Bb4 8.O-O O-O
9.Nh4 Bg6 10.Nxg6 hxg6 11.Qb3 Qb6 12.Rd1 Nbd7 13.g3 a5 14.Bf1 Be7 15.Qxb6 Nxb6
16.e4 Bb4 17.f3 c5 18.Na2 cxd4 19.Nxb4 axb4 20.Rxd4 Nxa4 21.Rxb4 Nc5 22.Rxa8 Rxa8
23.Rb5 Nfd7 24.b4 Nb3 25.Be3 b6 26.Bc4 Ra1+ 27.Kg2 Ra2+ 28.Kh3 Rb2 29.Bxb3 Rxb3
30.Bxb6 Rxf3 31.Bc7 Nf6 32.e5 Nd5 33.Bd6 g5 34.Kg4 Rf5 35.Rxd5 Rf2 36.Rd3 f6
37.Rb3 Kf7 38.h4 Kg6 39.hxg5 f5+ 40.Kh3 Kxg5 41.b5 Kh6 42.b6 g5 43.g4  1-0

[Event "Pardubice op"]
[Site "Pardubice"]
[Date "1992.??.??"]
[Round "6"]
[White "Piesina, Gintautas"]
[Black "Kuporosov, Viktor"]
[Result "1/2-1/2"]
[WhiteElo "2415"]
[BlackElo "2510"]

1.d4 d5 2.c4 c6 3.Nf3 Nf6 4.Nc3 dxc4 5.a4 Bf5 6.e3 e6 7.Bxc4 Bb4 8.O-O O-O
9.Nh4 Nbd7 10.Nxf5 exf5 11.Qc2 g6 12.f3 Qb6 13.Kh1 Rad8 14.Bd2 a5 15.Be1 f4  1/2-1/2

[Event "Paris-ch"]
[Site "Paris"]
[Date "1992.??.??"]
[Round "2"]
[White "Tourneur, Jean Francois"]
[Black "Bartha, Sandor"]
[Result "1-0"]
[WhiteElo "2230"]
[BlackElo "2310"]

1.d4 d5 2.Nf3 Nf6 3.c4 c6 4.Nc3 dxc4 5.a4 Bf5 6.e3 e6 7.Bxc4 Bb4 8.O-O Nbd7
9.Qe2 Bg6 10.e4 Bxc3 11.bxc3 Nxe4 12.Ba3 Nb6 13.Rfc1 Nxa4 14.Qe1 Nb6 15.Bb3 Qc7
16.c4 O-O-O 17.Bb2 a6 18.Qe2 Nd7 19.h3 Rhe8 20.Ba4 Nb8 21.Ne5 Nf6 22.c5 Nd5
23.Bc2 Rh8 24.Ra3 Bxc2 25.Rxc2 f6 26.Nc4 Kd7 27.Qg4 g5 28.Re2 Rde8 29.Rb3 Nf4
30.Re1 h5 31.Qg3 h4 32.Qf3 Re7 33.Bc3 Nd5 34.Ba5 b6 35.Bxb6 Qf4 36.Qxf4 gxf4
37.Ba7 Ree8 38.Reb1 a5 39.Rb7+ Nc7 40.Bxb8 Rc8 41.Nb6+  1-0

[Event "Paris-ch"]
[Site "Paris"]
[Date "1992.??.??"]
[Round "5"]
[White "Bouland, Stephane"]
[Black "Pergericht, Daniel"]
[Result "1/2-1/2"]
[WhiteElo "2255"]
[BlackElo "2295"]

1.d4 d5 2.Nf3 Nf6 3.c4 c6 4.Nc3 dxc4 5.a4 Bf5 6.e3 e6 7.Bxc4 Bb4 8.O-O Nbd7
9.Qe2 O-O 10.h3 Ne4 11.Bd2 Nxd2 12.Nxd2 e5 13.Qf3 Bg6 14.Rfd1 exd4 15.exd4 Nb6
16.a5 Nxc4 17.Nxc4 Bc2 18.Rdc1 Bb3 19.Nd2 Be6 20.a6 bxa6 21.Qxc6 Qxd4 22.Nf3 Qf4
23.Ne2 Qf6 24.Qxa6 Rfd8 25.Nc3 Qf4 26.Ne2 Qf6 27.Nc3 Qf4 28.Ne2 Qe4 29.Ng5 Qe5
30.Nxe6 fxe6 31.Ng3 Bc5 32.Qe2 Qxe2 33.Nxe2 Bb6 34.Rc2 Rac8 35.Nc3 Bd4 36.Re2 Rb8
37.Ne4 Rd7 38.Ng5 Rxb2 39.Rxb2 Bxb2 40.Rb1 Rd2 41.Nxe6 a5 42.Nc5 Bd4 43.Nb3 Bxf2+
44.Kf1 Ra2 45.Nxa5 Ba7 46.Rb5 Rf2+ 47.Ke1 Rxg2 48.Nc6 Be3 49.Rf5 g6 50.Rf3 Bc5
51.Ne5 Bd4 52.Nc6 Bg7 53.Ne7+ Kh8 54.Nd5 Rg5 55.Nf4 Bd4 56.Ne2 Bc5 57.Rg3 Rf5
58.Rd3 Bb4+ 59.Kd1 Rf1+ 60.Kc2 Rh1 61.Rf3 Kg7 62.Kd3 Bd6 63.Ke3 Kh6 64.Kf2 Rh2+
65.Kf1 Rh1+ 66.Kf2 Bc5+ 67.Kg2 Re1 68.Ng3 Rc1 69.Ne2 Ra1 70.Ng3 Rg1+ 71.Kh2 Re1
72.Rf1 Re3 73.Kg2 Kg5 74.Rf3 Re5 75.Rc3 Bb6 76.Rb3 Ba5 77.Ra3 h5 78.Ra2 Kh6
79.Rc2 Be1 80.Nf1 Kg5 81.Nh2 Kh6 82.Nf3 Re6 83.Nxe1 Rxe1 84.Ra2 Re4 85.Rb2 Kg5
86.Kg3 h4+ 87.Kg2 Kf5 88.Ra2 Kf4 89.Rb2 Rd4 90.Rf2+ Ke3 91.Rf3+ Ke4 92.Rf2 Rd3
93.Re2+ Re3 94.Ra2 Rg3+ 95.Kh2 Rd3 96.Rg2 Rd6 97.Rg4+ Kf3 98.Rxh4 Rd2+ 99.Kg1 Rd1+
100.Kh2 Rd2+  1/2-1/2

[Event "Paris-ch"]
[Site "Paris"]
[Date "1992.??.??"]
[Round "7"]
[White "Pogorelov, Ruslan"]
[Black "Pergericht, Daniel"]
[Result "1-0"]
[WhiteElo "2385"]
[BlackElo "2295"]

1.Nf3 Nf6 2.c4 c6 3.Nc3 d5 4.d4 dxc4 5.a4 Bf5 6.e3 e6 7.Bxc4 Bb4 8.O-O Nbd7
9.Qb3 a5 10.Nh4 Bg6 11.Nxg6 hxg6 12.Rd1 Qb6 13.Bf1 Rxh2 14.g3 Rh5 15.Bg2 O-O-O
16.Qc2 Kb8 17.Qe2 Nd5 18.Na2 Bd6 19.e4 Nb4 20.Nxb4 Qxb4 21.Bf1 Rhh8 22.Bd2 Qb6
23.Be3 Qb4 24.e5 Bc7 25.Qc2 Bb6 26.Rd3 Qe7 27.b4 axb4 28.a5 Nxe5 29.dxe5 Rxd3
30.axb6  1-0

[Event "Paris-ch"]
[Site "Paris"]
[Date "1992.??.??"]
[Round "8"]
[White "Garabedian, Vahakn"]
[Black "Roumegous, Etienne"]
[Result "1-0"]
[WhiteElo "2255"]
[BlackElo "2255"]

1.d4 d5 2.c4 c6 3.Nc3 Nf6 4.Nf3 dxc4 5.a4 Bf5 6.e3 Nbd7 7.Bxc4 Qc7 8.e4 Bg6
9.Qc2 e6 10.Bg5 Bb4 11.Bd3 O-O 12.O-O h6 13.Bh4 Nh5 14.g3 Qa5 15.Rfc1 Rfe8
16.Nd2 Nhf6 17.g4 Rac8 18.Nc4 Qc7 19.Bg3 Qd8 20.Bd6 Bxc3 21.bxc3 Nb6 22.Nxb6 Qxb6
23.f3 Qd8 24.Bg3 Qd7 25.Rab1 Red8 26.Bf2 e5 27.Bc4 Re8 28.d5 a6 29.dxc6 Qxc6
30.Bd3 Nd7 31.Rb4 f6 32.Bc4+ Bf7 33.Bxf7+ Kxf7 34.Qb2 Rc7 35.Kg2 Rec8 36.c4 a5
37.Rb5 Ra8 38.c5 b6 39.Qb3+ Kg6 40.cxb6 Qxc1 41.bxc7 Qxc7 42.Rb7 Qc6 43.Qd5 Qxd5
44.exd5 Nf8 45.Bc5 Nh7 46.h4  1-0

[Event "Parthenay op"]
[Site "Parthenay"]
[Date "1992.??.??"]
[Round "7"]
[White "Timoshchenko, Gennadi A"]
[Black "Zawadski, Stephane"]
[Result "1-0"]
[WhiteElo "2515"]
[BlackElo "2235"]

1.d4 d5 2.c4 c6 3.Nf3 Nf6 4.Nc3 dxc4 5.a4 Bf5 6.Ne5 e6 7.f3 Bb4 8.e4 Bxe4
9.fxe4 Nxe4 10.Bd2 Qxd4 11.Nxe4 Qxe4+ 12.Qe2 Bxd2+ 13.Kxd2 Qd5+ 14.Kc2 Na6
15.Qe1 O-O-O 16.Bxc4 Qxg2+ 17.Qe2 Qxe2+ 18.Bxe2 Rhf8 19.Nxc6 bxc6 20.Bxa6+ Kc7
21.Ra3 Rd4 22.Rd1 Rxd1 23.Kxd1 f5 24.Rb3 Rb8 25.Rxb8 Kxb8 26.Bc4 e5 27.Bg8 h6
28.Bh7 f4 29.Ke2 Kc7 30.Kf3 Kd6 31.Ke4 Kc5 32.Kxe5 f3 33.Bd3 Kb4 34.Kf4 f2
35.Ke3 Kb3 36.Kxf2 Kxb2 37.Be2 a5 38.Ke3 Kc3 39.Ke4 Kb3 40.Bd1+ Kc4 41.Kf5 c5
42.Kg6  1-0